Digitalizácia výroby

Guardado en:
Detalles Bibliográficos
Autor principal: Ralbovský, Tomáš (Autor)
Otros Autores: Duchoň, František (Orientador)
Formato: Manuscrito Libro
Lenguaje:eslovaco
Publicado: Bratislava : STU v Bratislave FEI, 2022
Materias:
Acceso en línea:https://opac.crzp.sk/?fn=detailBiblioForm&sid=7E432E204D1F6C32995C893802D8&seo=CRZP-detail-kniha
Etiquetas: Agregar Etiqueta
Sin Etiquetas, Sea el primero en etiquetar este registro!

MARC

LEADER 00000ntm a22000003a 4500
001 stuzp87023
003 SK-STU
005 20221005101207.0
007 ta
008 150427s2015----xo-----f-mn---000-0-slo-d
040 |a STU  |b slo 
041 0 |a slo 
044 |a xo 
100 1 |a Ralbovský, Tomáš  |u 031000  |4 aut  |U FEI Fakulta elektrotechniky a informatiky  |T FEI Ústav robotiky a kybernetiky  |X 92627  |U E011  |Y 356  |7 92627 
242 0 1 |a Digitization of Production  |y eng 
245 1 0 |a Digitalizácia výroby 
260 |a Bratislava :  |b STU v Bratislave FEI,  |c 2022 
300 |a 44 s., príl. 
650 4 |a simulácia výroby  |2 slo 
650 4 |a Digitalizácia výroby  |2 slo 
650 4 |a analýza výroby  |2 slo 
650 4 |a ergonómia pracoviska  |2 slo 
650 4 |a Digitization of production  |2 eng 
650 4 |a production simulation  |2 eng 
650 4 |a production analysis  |2 eng 
650 4 |a workplace ergonomics  |2 eng 
700 1 |a Duchoň, František  |u 031000  |k Z1  |4 ths  |U FEI Fakulta elektrotechniky a informatiky  |T FEI Ústav robotiky a kybernetiky  |X 10329  |U E011  |Y 356  |7 A000010329 
856 4 |u https://opac.crzp.sk/?fn=detailBiblioForm&sid=7E432E204D1F6C32995C893802D8&seo=CRZP-detail-kniha